00534nam a2200193 a 4500001001300000003000900013005001700022008004100039020001000080082002000090100001600110245008500126260004700211300000800258500003500266505001100301650001200312700001600324nice12345678IN_TiNIC20260116014616.0050630s1965 sera grm 000 0 eng  ac10000a297.24bANO1..N aAnonymous,  aQuranic Conception of Christ and Its Evalution in the Light of the New Testament aSeramporbSenate of Serampor Collegec1965 a34p aincludes index and biblioraphy2 aThesis aFiction1 aAnonymous,